ALAI entrevista al movimiento revolucionario del pueblo de Costa Rica
שמור ב:
| פורמט: | Texto |
|---|---|
| נושאים: | |
| תגים: |
הוספת תג
אין תגיות, היה/י הראשונ/ה לתייג את הרשומה!
|
MARC
| LEADER | 00000 a a2200000 04500 | ||
|---|---|---|---|
| 001 | 17771 | ||
| 003 | |||
| 040 | |||
| 245 | |a ALAI entrevista al movimiento revolucionario del pueblo de Costa Rica | ||
| 650 | |a MOVIMIENTOS SOCIALES | ||
| 650 | |a COSTA RICA | ||
| 773 | |g volumen 2, número 7; páginas 51-56 | ||
| 999 | |c 29778 |d 29778 | ||
| 773 | 0 | |0 42391 |9 3954 |a Agencia Latinoamericana de Información, ALAI |d Quito, Ecuador: ALAI |o 03869 |t ALAI: |x 08275564 (Servicio mensual de información y documentación) | |
